Meditación (Record no. 167060)

MARC details
000 -LEADER
campo de control de longitud fija 00622nam a2200205 i 4500
001 - NÚMERO DE CONTROL
campo de control 167060
003 - IDENTIFICADOR DE NÚMERO DE CONTROL
campo de control ES-MaACL
005 - FECHA Y HORA DE LA ÚLTIMA TRANSACCIÓN
campo de control 20230906213443.0
008 - DATOS DE LONGITUD FIJA--INFORMACIÓN GENERAL
campo de control de longitud fija 150326s2000 sp |||| | spa d
020 ## - NÚMERO INTERNACIONAL ESTÁNDAR DEL LIBRO
Número Internacional Estándar del Libro 84-88242-26-3
080 ## - NÚMERO DE LA CLASIFICACIÓN DECIMAL UNIVERSAL
Número de la Clasificación Decimal Universal 291.4
100 1# - ENTRADA PRINCIPAL--NOMBRE DE PERSONA
Nombre de persona Osho (
Fechas asociadas al nombre 1931-1990)
9 (RLIN) 156631
245 10 - MENCIÓN DEL TÍTULO
Título Meditación
Resto del título : la primera y última libertad /
Mención de responsabilidad, etc. Osho ; recopilado por Swami Deva Wadud.
250 ## - MENCION DE EDICION
Mención de edición 6ª ed.
260 ## - PUBLICACIÓN, DISTRIBUCIÓN, ETC.
Lugar de publicación, distribución, etc. Madrid :
Nombre del editor, distribuidor, etc. Gaia,
Fecha de publicación, distribución, etc. 2000.
300 ## - DESCRIPCIÓN FÍSICA
Extensión 301 p. ;
Dimensiones 21 cm.
650 #4 - PUNTO DE ACCESO ADICIONAL DE MATERIA--TÉRMINO DE MATERIA
Término de materia o nombre geográfico como elemento de entrada Meditación.
9 (RLIN) 14982
700 1# - ENTRADA AGREGADA--NOMBRE PERSONAL
Nombre de persona Deva Wadud, Swami.
9 (RLIN) 156632
852 ## - LOCALIZACIÓN
Ubicación ES-MaACL
Número de control de estantería L-30122
Nota libre .- Donat. Miguel A. Velasco
Holdings
Estatus retirado Estado de pérdida Estado de daño No para préstamo Biblioteca de origen Biblioteca actual Ubicación en estantería Fecha de adquisición Fuente de adquisición Total de préstamos Signatura topográfica completa Código de barras Visto por última vez Precio de reemplazo Tipo de ítem Koha
        Biblioteca del Ateneo de Madrid Biblioteca del Ateneo de Madrid Depósito 2 26/03/2015     L-30122 1193676 23/02/2023 23/02/2023 Libro impreso